| 000 | 00740cam a22002533a 4500 | ||
|---|---|---|---|
| 001 | 16129 | ||
| 003 | PGUSA | ||
| 005 | 20140828083338.0 | ||
| 008 | 050625s2005||||xxu|||||s|||||000 1 eng d | ||
| 040 |
_aPGUSA _beng |
||
| 042 | _adc | ||
| 050 | 4 | _aPR | |
| 100 | 1 |
_aBesant, Walter, _d1836-1901 |
|
| 245 | 1 | 0 |
_aIn Luck at Last _h[electronic resource] / _cWalter Besant |
| 260 |
_bProject Gutenberg, _c2005 |
||
| 506 | _aPublic domain in the USA. | ||
| 516 | _aElectronic text | ||
| 653 | _aInheritance and succession -- Fiction | ||
| 653 | _aFamilies -- Fiction | ||
| 653 | _aBooksellers and bookselling -- England -- Fiction | ||
| 830 | 0 |
_aProject Gutenberg _v16129 |
|
| 856 | 4 | 0 | _uhttp://www.gutenberg.org/ebooks/16129 |
| 942 | _cEB | ||
| 999 |
_c245384 _d245384 |
||